Kansas City Royals 2024 Opening Day Lineup - Statistics

General Stats
  • This quiz has been taken 85 times
  • The average score is 7 of 10
Answer Stats
Position Player % Correct
SS Bobby Witt Jr.
100%
C Salvador Perez
98%
3B Maikel Garcia
87%
1B Vinnie Pasquantino
86%
SP Cole Ragans
83%
CF Kyle Isbel
75%
LF MJ Melendez
73%
RF Hunter Renfroe
59%
2B Adam Frazier
44%
DH Nelson Velazquez
37%
No matching quizzes found
Score Distribution
Percent of People with Each Score
Percentile by Number Answered
Your Score History
You have not taken this quiz